000 00897nam a2200229 4500
001 121340
003 ES-MaACL
005 20250822063200.0
007 t|
008 070214s1959 sp r ||||1| spa d
100 1 _aPla, Josep,
_d1897-1981
_9164614
245 1 0 _aGrandes tipos
_b: Unamuno, Ortega y Gasset, Ramón Gómez de la Serna, Gaudí, Blasco Ibáñez, Eugenio d'Ors, José María Sert, Juan Alcover, Salvador Dalí /
_cJosep Pla ; traducción castellana de F. Gutiérrez.
260 _aBarcelona :
_bAedos,
_c1959.
300 _a263 p., 9 lám. ;
_c22 cm.
490 1 _aBiblioteca biográfica ;
_v12
650 4 _aEspañoles-
_yS.XX-
_xBiografías.
_912480
650 4 _aEscritores españoles-
_yS.XX-
_xBiografías.
_9161527
700 1 _aGutiérrez, F.
_961046
830 1 _aBiblioteca biográfica ;
_v12
_9181197
852 _aES-MaACL
_jC-16468
999 _c121340
_d121340